UM Logo

Principles of marketing/ (Record no. 4892)

MARC details
000 -LEADER
fixed length control field 00523nam a22001697a 4500
008 - FIXED-LENGTH DATA ELEMENTS--GENERAL INFORMATION
fixed length control field 160929b xxu||||| |||| 00| 0 eng d
020 ## - INTERNATIONAL STANDARD BOOK NUMBER
International Standard Book Number 9712711234
082 ## - DEWEY DECIMAL CLASSIFICATION NUMBER
Edition number 2001
Classification number DFil 658.8
Item number L29
100 ## - MAIN ENTRY--PERSONAL NAME
9 (RLIN) 15419
Personal name Lao, Felix M., Jr.
245 ## - TITLE STATEMENT
Title Principles of marketing/
Statement of responsibility, etc. Felix M. Lao Jr.
250 ## - EDITION STATEMENT
Edition statement First edition
260 ## - PUBLICATION, DISTRIBUTION, ETC. (IMPRINT)
Place of publication, distribution, etc. Pasig City:
Name of publisher, distributor, etc. Anvil Publishing, House,
Date of publication, distribution, etc. c2001.
300 ## - PHYSICAL DESCRIPTION
Extent i, 293 pages:
Other physical details illustrations;
Dimensions 26 cm.
500 ## - GENERAL NOTE
General note Includes glossary and index.
650 #0 - SUBJECT ADDED ENTRY--TOPICAL TERM
9 (RLIN) 15420
Topical term or geographic name as entry element Marketing
942 ## - ADDED ENTRY ELEMENTS (KOHA)
Source of classification or shelving scheme Dewey Decimal Classification
Koha item type Filipiniana
Holdings
Withdrawn status Lost status Source of classification or shelving scheme Damaged status Not for loan Collection code Home library Current library Date acquired Source of acquisition Total Checkouts Full call number Barcode Date last seen Copy number Price effective from Koha item type
    Dewey Decimal Classification     Filipiniana UM Digos College - LIC UM Digos College - LIC 10/08/2003 Purchased   DFil 658.8 L29 2001 16136 05/15/2025 1 09/29/2016 Filipiniana
    Dewey Decimal Classification     Filipiniana UM Digos College - LIC UM Digos College - LIC 10/08/2003 Purchased   DFil 658.8 L29 2001 16137 05/15/2025 2 09/29/2016 Filipiniana